000 00578nam a2200205 a 4500
001 BRL_696
005 20190320210845.0
008 250913s1927----gw-#######---#000-0#ger-#
041 _ager
044 _agw
050 4 _aPT2647.I45
_b.W55 1927
100 1 _aWildgans, Anton
_d1881-1932
_924675
245 1 0 _aKirbisch oder, Der Gendarm, die Schande und das Glück,
_bein episches Gedicht
_cvon Anton Wildgans
260 _aLeipzig
_bL. Staackmann
_c1927
300 _a215 p.
_c25 cm.
500 _aAu794
650 1 4 _aLiteratura Alemana
_96160
902 _aGRL
942 _2lcc
_cB
999 _c9508
_d9508